00846nam a2200181Ia 450000500170000000800410001702000180005808200250007610000360010124500690013726000410020630000130024765000240026094200070028499900190029195202000031095201540051020250806130211.0231217s9999 xx 000 0 und d a9780201477115 a001.64404 KUR;1 'R' aKurose, James F. Ross, Keith W. 0aComputer networking : a top down approach featuring the internet c2001bNew Delhi : Pearson Education, axxiv+712 aComputer networking cAA c168217d168217 r2026-05-04 11:12:40l2o001.64404 KUR;1 'R'p18628W15s2026-04-09v297.50w2024-01-26yAA1040708CL00K8716L08/03/2004aMLbLRCd2001-12-05eAllied publ.g350.00EMCAGRSF1V52.5URupees r2024-01-26 00:00:00l0o001.64404 KURp23690W0w2024-01-26yAA1040708CS00L11/04/2005aMLbMLcCSd2003-12-01ePublisherECSGRSF1V0URupees